000 00287nam a22001337a 4500
008 170301b xxu||||| |||| 00| 0 eng d
020 _a9780071786102
041 _aeng
080 _a617
100 _a6
101 _ashk
245 _aSURGICAL ONCOLOGY
_cBARTLETT, D.L
942 _2udc
_cBK
999 _c6482
_d6482